| 000 | 01745cam a2200457 i 4500 | ||
|---|---|---|---|
| 001 | 13446147 | ||
| 003 | CO-MdFUSB | ||
| 005 | 20220903123155.0 | ||
| 008 | 031230t2004 uk i 000 0 eng | ||
| 010 | _a 2003067730 | ||
| 020 | _a0674992709 | ||
| 040 |
_aDLC _cCO-MdFUSB _dDLC _bEspañol _erda |
||
| 041 | _aeng | ||
| 042 | _apcc | ||
| 082 | 0 | 0 |
_a888.01 _223 _bP737p |
| 100 | 0 |
_aPlutarch _eAutor |
|
| 245 | 1 | 0 |
_aPlutarch : _bMoralia _c/ Plutarch ; editado por Jeffrey Henderson ; traducido por Frank Cole Babbitt _nIII |
| 264 | 1 |
_aCambridge, Mass. : _bHarvard University Press, _c[1931] |
|
| 264 | 4 | _c© 1931 | |
| 300 |
_aVolumen 3: xi, 599 páginas ; _c17 cm. |
||
| 336 |
_2rdacontent _atexto _btxt |
||
| 337 |
_2rdamedia _asin mediación _bn |
||
| 338 |
_2rdacarrier _avolumen _bnc |
||
| 440 | 4 | _vLoeb Classical Library | |
| 500 | _aÍndice: Pág. 582 - 600 | ||
| 505 | _aDichos de reyes y comandantes -- Dichos de romanos -- Dichos de spartans -- Dichos de mujeres spartan -- Valentía de mujeres | ||
| 506 | _aPréstamo en sala | ||
| 600 | 0 | 0 |
_aPlutarch _d45 dC - 120 dC |
| 650 | 7 |
_aSabiduría _9107 _e-- Antigüedad |
|
| 650 | 7 |
_aLiteratura griega _9108 |
|
| 650 | 7 |
_aLiteratura clásica _9109 |
|
| 700 | 1 |
_aPlutarch. _tMoralia. |
|
| 700 | 1 |
_aBabbitt, Frank Cole _998 _eTraductor |
|
| 700 |
_aHenderson, Jeffrey _eEditor _9110 |
||
| 856 |
_aarchive.org _dhttps://archive.org/details/moralia03plut _zOtra versión |
||
| 906 |
_a7 _bcbc _corignew _d1 _eocip _f20 _gy-gencatlg |
||
| 942 | _cREF | ||
| 945 | _aEstudiante | ||
| 999 |
_c63725 _d63725 |
||